Bilecik Bilecik Bilecik Bilecik Bilecik

Çeviride modern olan şehir ve konutta Türk Alman ilişkileri/ (Record no. 10901)

MARC details
000 -BAŞLIK
Sabit Uzunluktaki Kontrol Alanı 01171nam a22003617a 4500
001 - KONTROL NUMARASI
Control Dosyası 0010931
003 - KONTROL NUMARASI KİMLİĞİ
Kontrol Alanı KOHA_MİRAKIL
005 - EN SON İŞLEM TARİHİ ve ZAMANI
Kontrol Alanı 20260207001759.0
007 - FİZİKSEL TANIM SABİT ALAN - GENEL BİLGİ
Sabit uzunluklu kontrol alanı ta
008 - SABİT UZUNLUKTAKİ VERİ ÖGELERİ - GENEL BİLGİ
Sabit Alan 091120b2009 tu |||gr||||#||||0|tur |
020 ## - ISBN - ULUSLARARASI STANDART KİTAP NUMARASI
Isbn 9789750815751
040 ## - KATALOGLAMA KAYNAĞI
Özgün Kataloglama Kurumu TR-BiSEU
Kataloglama Dili tur
Çeviri Kurumu TR-BiSEU
Açıklama Kuralları rda
041 0# - DİL KODU
Metin ya da ses kaydının dil kodu tur
044 ## - YAYINLAYAN/ÜRETEN KURULUŞUN ÜLKE KODU
ISO country code tu
050 ## - SINIFLAMA ve YER NUMARASI
Sınıflama Numarası LD1237.5
Yer Numarası .A53 2009
100 1# - KİŞİ ADI
Yazar Adı (Kişi adı) Akcan, Esra.
245 1# - ESER ADI BİLDİRİMİ
Başlık Çeviride modern olan şehir ve konutta Türk Alman ilişkileri/
Sorumluluk Bildirimi Esra Akcan ; Esra Akcan.
264 #1 - ÜRERİM, YAYIN, DAĞITIM ve TELİF BİLDİRİMİ
Yayın yeri İstanbul :
Yayınlayan Yapı Kredi Yayınları
Yayın tarihi 2009
300 ## - FİZİKSEL TANIMLAMA
Sayfa, Cilt vb. 452 sayfa: resimli
336 ## - İÇERİK TÜRÜ
Content type term metin
Content type code txt
Source rdacontent
337 ## - MEDYA TÜRÜ
Media type term aracısız
Media type code n
Source rdamedia
338 ## - TAŞIYICI TÜRÜ
Carrier type term cilt
Carrier type code nc
Source rdacarrier
490 1# - DİZİ BİLDİRİMİ
Dizi Bildirimi Yapı Kredi Yayınları ;
Cilt Numarası 2856.Cogito ;173.
500 ## - GENEL NOT
Genel Not Department: Architecture.
500 ## - GENEL NOT
Genel Not Thesis (Ph. D.) -- Columbia University, 2005 .
500 ## - GENEL NOT
Genel Not Kaynakça ve dizin var.
650 #0 - KONU BAŞLIĞI EK GİRİŞ - KONU TERİMİ
Konusal terim veya coğrafi ad Architecture Turkey.
9 (RLIN) 26659
650 #0 - KONU BAŞLIĞI EK GİRİŞ - KONU TERİMİ
Konusal terim veya coğrafi ad City planning--Turkey.
9 (RLIN) 13236
650 #0 - KONU BAŞLIĞI EK GİRİŞ - KONU TERİMİ
Konusal terim veya coğrafi ad Housing--Turkey.
9 (RLIN) 26660
650 #0 - KONU BAŞLIĞI EK GİRİŞ - KONU TERİMİ
Konusal terim veya coğrafi ad Housing--Germany.
9 (RLIN) 26661
830 1# - SERİ EK GİRİŞİ - TEKBİÇİM ESER ADI
Tekbiçim Başlık Yapı Kredi Yayınları ;
Volume number/sequential designation 2856.Cogito ;173.
9 (RLIN) 7873
942 ## - EK GİRİŞ ÖGELERİ (KOHA)
Source of classification or shelving scheme Library of Congress Classification
Koha item type Book
Holdings
Materyal Türü Kalıcı Konum Mevcut Konum Raf Yeri Sınıflandırma Kaynağı Edinim Bilgisi Ana Konular Alt Konular Yer Numarası Demirbaş Numarası Fatura Tarihi Maliyet, Alış Fiyatı Maliyet, Yenileme Fiyatı Geri Çekilme Durumu Kayıp Durumu Hasarlı Durumu Kredi için değil Kayıt Tarih Toplam Ödünçverme Son Görülme Tarihi Son Kontrol Tarihi
Book Prof. Dr. Azmi Özcan Kütüphanesi Prof. Dr. Azmi Özcan Kütüphanesi Uluğbey Salonu Library of Congress Classification Satın EĞİTİM Bireysel Kurumlar - Amerika Birleşik Devletleri LD1237.5 .A53 2009 0010931 20/11/2009 19.66 19.66         20/11/2009   05/12/2024 05/12/2024